| 000 | 00918 a2200181 4500 | ||
|---|---|---|---|
| 005 | 20170207084113.0 | ||
| 008 | 141127b xxu||||| |||| 00| 0 spa d | ||
| 040 |
_cCO-BoIH _aCO-BoIAVH |
||
| 041 | _aspa | ||
| 090 |
_aIAVH _b00214 |
||
| 100 | _aGaviria, Diana | ||
| 110 | _aInstituto de Investigación de Recursos Biológicos Alexander von Humboldt. Proyecto Andes | ||
| 245 | 1 |
_aOportunidades y amenazas para el proyecto de conservación y uso sostenible de la biodiversidad en los Andes colombianos presentes en la ley del plan nacional de desarrollo _bEstrategia de Sostenib Financiera |
|
| 260 |
_a: _b, _c. |
||
| 300 | _a24 p. | ||
| 773 | 0 |
_aGaviria, Diana _dBogotá Ìnstituto Alexander von Humboldt 1998 _tOportunidades y amenazas para el proyecto de conservación y uso sostenible de la biodiversidad en los Andes colombianos presentes en la ley del plan nacional de desarrollo |
|
| 942 |
_2z _cINFORME |
||
| 999 |
_c8840 _d8840 |
||